000 00375nam a2200109Ia 4500
008 171204s9999 xx 000 0 und d
245 4 _aThe Anti-Authoritarian Personality: International Series of Monographs in Experimental Psychology
245 _cWilliam P. Kreml
260 _c2013
650 _xPERSONALITY THEORIES
856 _uhttp://down.ebook777.com/039/0080210635.pdf
999 _c346472
_d346472